HIGH COURT CIVIL SUIT NO.136 OF 2011 GRACE MANJERI NAFULA VS BRIG. GEN. ELLY KAJANJA (Record no. 8582)

MARC details
000 -LEADER
fixed length control field 00342nam a22000977a 4500
008 - FIXED-LENGTH DATA ELEMENTS--GENERAL INFORMATION
fixed length control field 190318b xxu||||| |||| 00| 0 eng d
010 ## - LIBRARY OF CONGRESS CONTROL NUMBER
LC control number HCCSF98B
245 ## - TITLE STATEMENT
Title HIGH COURT CIVIL SUIT NO.136 OF 2011 GRACE MANJERI NAFULA VS BRIG. GEN. ELLY KAJANJA
260 ## - PUBLICATION, DISTRIBUTION, ETC. (IMPRINT)
Place of publication, distribution, etc HIGH COURT KAMPALA
Date of publication, distribution, etc 2011
500 ## - GENERAL NOTE
Materials specified BEFORE: HON. MR. JUSTICE BASHAIJA K. ANDREW JUDGMENT

No items available.